1558 1279 1944 1139 1339 1771 1521 1997 1420 1238 1826 1152 1732 1033 1173 1928 1320 1805 1584 1694 1667 1820 1676 1253 1188 1899 1058 1566 1304 1104 1114 1209 1238 1697 1958 1746 1856 1812 1381 1627 1556 1583 1577 1406 1748 1359 1542 1297 1582 1603 1385 1163 1914 1772 1039 1864 1924 1210 1595 1382 1126 1205 1310 1448 1497 1431 1399 1122 1569 1607 1292 1203 1918 1717 1030 1856 1841 1826 1564 1041 1325 1944 1066 1036 1960 1242 1115 1468 1860 1544 1284 1047 1460 1275 1146 1084 1790 1195 1093 BCNSPRNW ULIB Ver.6.0+V

เปลี่ยนเป็นภาษาไทย

Change to English
 แสดงรายละเอียดบรรณานุกรม
  กลับหน้าหลัก

Brief Record : Get Marc (ISO 2709) : E-mail record : QR code < ปิดหน้าต่าง
LEADER : 00000nam 2200000uu 4500
001    13399129132
003     ULIB
008    250718s2025||||th 000 0 tha d
020    ^a9781975222161
060  4 ^aWY17^bD834L
100 0  ^aDEBRA P. KANTOR
245 3  ^aLippincott s visual nursing :^ba guide to clinical diseases, skills, and treatments.
250    ^a4th ed.
260    ^aPhiladelphia : ^bWolters Kluwer, ^c2025
300    ^aix, 526 p. : ^bill. (some col.)
650 2  ^aNursing Assessment^vAtlases
650 1  ^aNursing Care^vAtlases
650  0 ^aNursing^vAtlases.
945    ^p2813^l0^i011891
999    ^aประนอม เกษจรัล
รายการนี้ยังไม่มีแท็ก
คุณยังไม่ได้ล็อกอิน คุณสามารถมีกิจกรรมร่วมกับเว็บไซต์ได้ แต่ต้องล็อกอินก่อน ::
  ล็อกอิน

รายการสื่อสารสนเทศ

ลำดับที่ ประเภท เลขเรียก/บาร์โค้ด สถานที่ สถานะ
1. Book การพยาบาล
หนังสือสำรอง
สถานะ=หนังสือสำรอง
WY17 D834L ฉ.1 
  Barcode: 011891
ห้องสมุดวิทยาเขตสวรรค์ประชารักษ์
►หนังสือทั่วไป
บนชั้น

BibComment


ยังไม่เคยถูกคอมเมนท์

คอมเมนท์ทรัพยากรรายการนี้
  คอมเมนท์: Lippincott s vis..


 Copyright 2026. Bcnsprnw @Library